| 000 | 01215nam a2200241Ia 4500 | ||
|---|---|---|---|
| 999 |
_c50654 _d50654 |
||
| 001 | 17604 | ||
| 003 | GE_BSU | ||
| 005 | 20200220120731.0 | ||
| 008 | 181216s2003 xx |||||||||||||| ||geo|| | ||
| 020 | _a 99928-960-8-6 | ||
| 040 | _cGE_BSU | ||
| 041 | _ageo | ||
| 080 | _a338.22(100)(075.8) ჩ-12 | ||
| 100 |
_aჩაგელიშვილი, ლალი. _97223 |
||
| 245 |
_aსაერთაშორისო ბიზნესი : _bსახელმძღვ. სტუდენტებისათვის / _cლალი ჩაგელიშვილი ; რედ . პავლე ჩაგელიშვილი. |
||
| 264 |
_aთბილისი : _bთბილ. უნ-ტის გამ-ბა, _c2003. |
||
| 300 |
_a431 გვ.: _c20 სმ. |
||
| 504 | _aბიბლიოგრ.: გვ. 424 | ||
| 653 | _aეკონომიკა | ||
| 653 | _aსაერთაშორისო ბიზნესი - სახელმძღვანელოები უმაღლესი სასწავლებლებისათვის; | ||
| 700 |
_aჩაგელიშვილი, პავლე _eრედაქტორი _97224 |
||
| 942 |
_cBK _2udc |
||